5HLuxD.jpg

KING HENRY VIII SENIOR AND PRIMARY SCHOOL LIBRARY OPAC

CLIVE IS A LIBRARIAN (Record no. 4659)

000 -LEADER
fixed length control field 00356nam a22001217a 4500
008 - FIXED-LENGTH DATA ELEMENTS--GENERAL INFORMATION
fixed length control field 250307b ||||| |||| 00| 0 eng d
020 ## - INTERNATIONAL STANDARD BOOK NUMBER
International Standard Book Number 9781846439896
082 ## - DEWEY DECIMAL CLASSIFICATION NUMBER
Classification number E FIC SPA
100 ## - MAIN ENTRY--PERSONAL NAME
Personal name SPANYOL,JESSICA
Relator term AUTHOR
245 ## - TITLE STATEMENT
Title CLIVE IS A LIBRARIAN
260 ## - PUBLICATION, DISTRIBUTION, ETC.
Place of publication, distribution, etc. ASHWORTH RD,BRIDGEMEAD,SWINDON SN5 7YD,UK
Name of publisher, distributor, etc. CHILD'S PLAY(INTERNATIONAL) LTD
Date of publication, distribution, etc. 2017
942 ## - ADDED ENTRY ELEMENTS (KOHA)
Source of classification or shelving scheme
Holdings
Withdrawn status Lost status Source of classification or shelving scheme Damaged status Not for loan Collection code Permanent Location Current Location Shelving location Date acquired Full call number Barcode Date last seen Price effective from Koha item type Public note
          Fiction KH8 Primary School Library KH8 Primary School Library Fiction 2025-03-07 E FIC SPA KHPL000006473 2025-12-05 2025-03-07 Books - Fiction KH8 PRIMARY LIBRARY

Powered By KH8 IT Dept